000 00344nam a2200169Ia 4500
100 _aPayne/James
650 _aPython
942 _cBK
366 _f20
654 _apython
245 _aBeginning python: using python 2.6 and python 3.1
260 _bWiley
_c2010
082 _bPAY
300 _a588
546 _aENGLISH
999 _c19679
_d19679